000 00414nam a2200157Ia 4500
008 221030s9999 xx 000 0 und d
020 _a9812400516
041 _aEnglish
082 _a105.23
_bLaw
100 _aC. S. Lawler
245 4 _aThe Art of Programming Computer Science With C++.
_cby C. S. Lawler
260 _bThomson Learning
_aSingapore
_c2001
300 _a591
650 _aBE Computer
942 _cBK
999 _c1451
_d1451